LRTA : a user handbook
Saved in:
| Format: | Book |
|---|---|
| Language: | English |
| Published: |
UK :
CAB International,
1990
|
| Subjects: | |
| Tags: |
Add Tag
No Tags, Be the first to tag this record!
|
MARC
| LEADER | 00000nam a2200000 i 4500 | ||
|---|---|---|---|
| 001 | 1/55647 | ||
| 008 | 960513s1990 eng d | ||
| 020 | |a 0-85198-676-5 | ||
| 035 | |l 10027886 | ||
| 040 | |a GR-MY-UA |b gre |e aacr | ||
| 041 | 0 | |a eng | |
| 082 | 0 | |a 306.48 | |
| 245 | 1 | 0 | |a LRTA : |b a user handbook |
| 260 | |a UK : |b CAB International, |c 1990 | ||
| 300 | |a 126 p. | ||
| 650 | 0 | 0 | |a Leisure, recreation & tourism. |
| 852 | |a INST |b CHIOS |e 19960513 |h 306.48 LRT |p 005200008473 |q 005200008473 |t BK |y 0 | ||
| 909 | |a Χ |b 044744 | ||